000 00796nam a2200217Ii 4500
003 JO-AjNU
008 230605s9999||||xx |||||||||||||| ||und||
017 _a86/4590
020 _a977-103-277-1
040 _aJO-AjNU
_bara
_erda
_cJO-AjNU
041 _aara
050 1 4 _aK3482.U47.1986
100 3 _a عمران ، محمد السيد ,
_eauthor
_916793
245 0 0 _aحماية المستهلك إثناء تكوين العقد " دراسة مقارنة " مع دراسة تحليلية وتطبيقية للنصوص الخاصة بحماية المستهلك
250 _a(د،ط)
264 3 1 _aالاسكندرية : منشأة المعارف ، 1986
300 _a182ص
336 _atext
_btxt
_2rdacontent
337 _aunmediated
_bn
_2rdamedia
338 _avolume
_bnc
_2rdacarrier
999 _aA5056
_c8624
_d8624